000
00314nam a22001337a 4500
008
170508b xxu||||| |||| 00| 0 eng d
020
_a
x000p439ev
041
_a
eng
080
_a
343.9
100
_a
14
101
_a
SHJ
245
_a
KEY ISSUES IN CRIMINAL CAREER RESEARCH
_c
PIQUE.A.R
942
_2
udc
_c
BK
999
_c
12888
_d
12888